000 00219 a2200097 4500
001 9245
100 _aO'Leary, D.L.
245 _aArabic thought & its place in history
260 _a
_bRoutledge
_c
090 _c7415
_d7415
942 _aNUST-CAE
_cM
_c34062
999 _c244318
_d244318